000 00333nam a22001337a 4500
008 170720b xxu||||| |||| 00| 0 eng d
020 _a9781880780114
041 _aeng
080 _a2
100 _a24
101 _aTEO
245 _aFREEDOM OF RELIGION DECISIONS OF THE UNITED STATES SUPREME COURT
_cHARRISON, M
942 _2udc
_cBK
999 _c21638
_d21638